000 00394nam a2200145Ia 4500
008 240719s9999 xx 000 0 und d
041 _aeng
082 _a658.408 FER
100 _aFernando, A. C.
245 _aCorporate Governance Principles Policies And Practices
250 _a(3rd Ed.)
260 _aNoida
_bPearson
_c2020
300 _a669;. P. 24 Cm
520 _aGifted By : IMT Faculty
999 _c41406
_d41406